O Homem que Sabia Javanês (Record no. 121296)

MARC details
000 -LÍDER
campo de controle de tamanho fixo 01257 a2200241 4500
001 - NÚMERO DE CONTROLE
campo de controle 121296
020 ## - ISBN - INTERNATIONAL STANDARD BOOK NUMBER
ISBN - International Standard Book Number 9788570564436
040 ## - FONTE DA CATALOGAÇÃO
Instituição que transcreveu o registro Escola Canadense de Niteroi
090 ## - NÚMERO DE CHAMADA LOCAL
Número de chamada (OCLC) (R); Número de chamada, CALL (RLIN) (NR) BAR
100 ## - ENTRADA PRINCIPAL--NOME PESSOAL
Nome pessoal Barreto, Lima
245 10 - TÍTULO
Título O Homem que Sabia Javanês
250 ## - EDIÇÃO
Edição 17.ed.
260 ## - PUBLICAÇÃO, DISTRIBUIÇÃO, ETC.
Local de publicação, distribuição, etc. São Paulo
300 ## - DESCRIÇÃO FÍSICA
Outros detalhes físicos il.
Dimensões 1 x 15 x 0.5 cm
362 0# - DATAS DE PUBLICAÇÃO E/OU DESIGNAÇÃO SEQUENCIAL
Datas de publicação e/ou designação sequencial 1992
490 0# - TÍTULO DA SÉRIE
Título da série Outras Palavras
520 ## - NOTA DE RESUMO, ETC
Resumo, etc. Toda paródia é uma forma de homenagem. Ao se basear em uma obra para escrever outra, o escritor está prestigiando o texto original. A série Outras Palavras está centrada nessa idéia de valorização do texto primitivo, do texto gerador das outras palavras. Um conto clássico é sempre a base para reescritura - confiada a autores prestigiosos e maduros, que não só realçam o relato inicial, com também brindam o leitor com uma nova história, a partir do ponto que mais os motivou na primeira. São contos de qualidade inequívoca, que colocam o leitor em contato com grandes escritores - sejam eles autores do texto inicial, sejam eles os que escreveram a paródia.
650 #4 - ASSUNTO--TERMO TÓPICO
Cabeçalho tópico ou nome geográfico Mistério, Suspense ou Terror
650 #4 - ASSUNTO--TERMO TÓPICO
Cabeçalho tópico ou nome geográfico Contos Brasileiros
650 #4 - ASSUNTO--TERMO TÓPICO
Cabeçalho tópico ou nome geográfico Mitos, Fábulas ou Contos
650 #4 - ASSUNTO--TERMO TÓPICO
Cabeçalho tópico ou nome geográfico Literatura Brasileira
942 ## - ELEMENTOS DE ENTRADA ADICIONADOS (KOHA)
Tipo de material Koha Livros
Holdings
Situação do descarte Situação das perdas Situação física Não pode ser emprestado Biblioteca de origem Biblioteca atual Data de aquisição Total de empréstimos Número de chamada completo Código de barras Data de último acesso Data do preço efetivo Tipo de material Koha
        Canadian School of Niterói - Piratininga Canadian School of Niterói - Piratininga 09/02/2024   BAR A14365 09/02/2024 09/02/2024 Livros
        Leonardo Da Vinci - Osasco Leonardo Da Vinci - Osasco 27/03/2024   869.93 B263h O003403 27/03/2024 27/03/2024 Livros